Holttestet fogtak ki a Tiszából
Elmentve itt :
| Dokumentumtípus: | Cikk |
|---|---|
| Megjelent: |
1931-11-17
|
| Sorozat: | Délmagyarország
7 No. 261 |
| Kulcsszavak: | Sós Ferenc |
| Online Access: | http://dmarchiv.bibl.u-szeged.hu/39185 |
| LEADER | 00399nab a2200145 i 4500 | ||
|---|---|---|---|
| 001 | delm39185 | ||
| 005 | 20180927130056.0 | ||
| 008 | 180927s1931 hu o 0|| hun d | ||
| 040 | |a SZTE Délmagyarország Archívum |b hun | ||
| 041 | |a hun | ||
| 245 | 0 | 0 | |a Holttestet fogtak ki a Tiszából |h [elektronikus dokumentum] |
| 260 | |c 1931-11-17 | ||
| 300 | |a 6 | ||
| 490 | 0 | |a Délmagyarország |v 7 No. 261 | |
| 695 | |a Sós Ferenc | ||